Central Library OPAC University of Rajshahi

Pitcairn's island / (Record no. 17440)

MARC details
000 -LEADER
fixed length control field 01128cam a2200337u 4500
001 - CONTROL NUMBER
control field 17440
003 - CONTROL NUMBER IDENTIFIER
rucl marc code BD-RjUL
005 - DATE AND TIME OF LATEST TRANSACTION
control field 20211209000136.0
008 - FIXED-LENGTH DATA ELEMENTS--GENERAL INFORMATION
fixed length control field 140217s1934 mau 000 0 eng
035 ## - SYSTEM CONTROL NUMBER
System control number (BD-RjUL)17498
040 ## - CATALOGING SOURCE
Original cataloging agency DLC
Transcribing agency CarP
Modifying agency DLC
-- BD-RjUL
Language of cataloging eng
041 ## - LANGUAGE CODE
Language code of text/sound track or separate title eng
082 00 - DEWEY DECIMAL CLASSIFICATION NUMBER
Edition number 19
Classification number 813
Author mark and year NOP 1934
100 1# - MAIN ENTRY--PERSONAL NAME
Personal name Nordhoff, Charles,
Dates associated with a name 1887-1947.
9 (RLIN) 53729
245 10 - TITLE STATEMENT
Title Pitcairn's island /
Statement of responsibility, etc. by Charles Nordhoff and James Norman Hall.
260 ## - PUBLICATION, DISTRIBUTION, ETC. (IMPRINT)
Place of publication, distribution, etc. Boston :
Name of publisher, distributor, etc. Little, Brown, and company,
Date of publication, distribution, etc. 1934.
300 ## - PHYSICAL DESCRIPTION
Pagination viii, 333, [4] p. ;
Size 22 cm.
600 10 - SUBJECT ADDED ENTRY--PERSONAL NAME
Personal name Christian, Fletcher,
Dates associated with a name 1764-1793
Personal name Bligh, William,
Dates associated with a name 1754-1817
610 20 - SUBJECT ADDED ENTRY--CORPORATE NAME
Corporate name or jurisdiction name as entry element Bounty (Ship)
650 #0 - SUBJECT ADDED ENTRY--TOPICAL TERM
Topical term or geographic name as entry element Bounty Mutiny, 1789
Form subdivision Fiction.
9 (RLIN) 53733
Topical term or geographic name as entry element Sailors
Form subdivision Fiction.
9 (RLIN) 52500
Topical term or geographic name as entry element Mutiny
Form subdivision Fiction.
9 (RLIN) 53734
651 #0 - SUBJECT ADDED ENTRY--GEOGRAPHIC NAME
Geographic name Pitcairn Island
Form subdivision Fiction.
9 (RLIN) 53735
700 1# - ADDED ENTRY--PERSONAL NAME
Personal name Hall, James Norman,
Dates associated with a name 1887-1951,
Relator term joint author.
942 ## - ADDED ENTRY ELEMENTS (KOHA)
Source of classification or shelving scheme Dewey Decimal Classification
Koha item type Books
Holdings
Lost status Source of classification or shelving scheme Damaged status Not for loan Collection code Permanent Location Current Location Shelving location Date acquired Source of acquisition Total Checkouts Full call number Date last seen Copy number Koha item type
  Dewey Decimal Classification   Not For Loan Non-fiction Central Library, University of Rajshahi Central Library, University of Rajshahi Reading Room 06/04/1962 Asia foundation   813 NOP 1934 17/02/2014 C-1 Books